| 000 | 00538nam a2200145Ia 4500 | ||
|---|---|---|---|
| 008 | 100204s9999 xx 000 0 und d | ||
| 082 | _b8371 | ||
| 100 | _aविजापुरे आनंदीबाई | ||
| 245 | _aअजुनी चालतोचि वाट | ||
| 260 |
_b"डिंंंंप्ंाल पब्लिकेशन, वसई" _c1986 2 |
||
| 300 | _a16+2+293 | ||
| 630 | _aअजुनी चालतोचि वाट | ||
| 730 | _aअजुनी चालतोचि वाट | ||
| 942 | _cBOOK | ||
| 999 |
_c452807 _d452804 |
||